Coastal Countries - Map quiz - Statistics

General Stats
  • This quiz has been taken 19 times
  • The average score is 108 of 149
Answer Stats
Hint Answer % Correct
202,000 km Canada
95%
38,000 km Russia
95%
3,000 km Saudi Arabia
95%
26,000 km Australia
89%
15,000 km China
89%
2,000 km Egypt
89%
1,000 km Finland
89%
5,000 km France
89%
7,000 km India
89%
55,000 km Indonesia
89%
2,000 km Iran
89%
30,000 km Japan
89%
15,000 km New Zealand
89%
12,000 km United Kingdom
89%
20,000 km United States
89%
5,000 km Argentina
84%
7,000 km Denmark
84%
60 km Iraq
84%
300 km Israel
84%
30 km Jordan
84%
5,000 km Malaysia
84%
83,000 km Norway
84%
2,000 km Oman
84%
1,000 km Pakistan
84%
3,000 km Sweden
84%
60 km Togo
84%
7,000 km Turkey
84%
2,000 km Yemen
84%
1,000 km Algeria
79%
7,000 km Brazil
79%
6,000 km Chile
79%
3,000 km Colombia
79%
500 km Ghana
79%
5,000 km Iceland
79%
1,000 km Ireland
79%
8,000 km Italy
79%
500 km Ivory Coast
79%
2,000 km Libya
79%
9,000 km Mexico
79%
500 km Netherlands
79%
900 km Nigeria
79%
2,000 km North Korea
79%
2,000 km Peru
79%
36,000 km Philippines
79%
3,000 km South Africa
79%
2,000 km South Korea
79%
200 km Syria
79%
3,000 km Thailand
79%
3,000 km Vietnam
79%
400 km Albania
74%
600 km Bangladesh
74%
70 km Belgium
74%
100 km Benin
74%
200 km Brunei
74%
1,000 km Cape Verde
74%
1,000 km Costa Rica
74%
6,000 km Croatia
74%
300 km Djibouti
74%
2,000 km Ecuador
74%
300 km Guinea
74%
1,000 km Jamaica
74%
500 km Kuwait
74%
500 km Latvia
74%
600 km Liberia
74%
90 km Lithuania
74%
2,000 km Mozambique
74%
2,000 km Myanmar
74%
400 km Poland
74%
2,000 km Portugal
74%
600 km Qatar
74%
200 km Singapore
74%
5,000 km Solomon islands
74%
3,000 km Somalia
74%
5,000 km Spain
74%
400 km Trinidad and Tobago
74%
1,000 km United Arab Emirates
74%
2,000 km Angola
68%
200 km Bahrain
68%
100 km Barbados
68%
400 km Belize
68%
400 km Bulgaria
68%
400 km Cambodia
68%
300 km Comoros
68%
4,000 km Cuba
68%
1,000 km Dominican Republic
68%
300 km El Salvador
68%
300 km Equatorial Guinea
68%
2,000 km Germany
68%
14,000 km Greece
68%
100 km Grenada
68%
400 km Guinea Bissau
68%
500 km Guyana
68%
500 km Kenya
68%
200 km Lebanon
68%
4 km Monaco
68%
3,000 km Morocco
68%
2,000 km Namibia
68%
900 km Nicaragua
68%
2,000 km Palau
68%
5,000 km Papua New Guinea
68%
200 km Republic of the Congo
68%
200 km Romania
68%
100 km Saint Kitts and Nevis
68%
200 km Saint Lucia
68%
500 km Senegal
68%
400 km Sierra Leone
68%
50 km Slovenia
68%
400 km Suriname
68%
700 km Timor Leste
68%
700 km Uruguay
68%
3,000 km Venezuela
68%
200 km Antigua and Barbuda
63%
20 km Bosnia and Herzegovina
63%
400 km Cameroon
63%
2,000 km Eritrea
63%
4,000 km Estonia
63%
1,000 km Fiji
63%
400 km Guatemala
63%
2,000 km Haiti
63%
5,000 km Madagascar
63%
300 km Malta
63%
400 km Marshall Islands
63%
300 km Montenegro
63%
30 km Nauru
63%
2,000 km Panama
63%
400 km Samoa
63%
500 km Seychelles
63%
900 km Sudan
63%
1,000 km Tanzania
63%
400 km Tonga
63%
1,000 km Tunisia
63%
20 km Tuvalu
63%
600 km Cyprus
58%
900 km Gabon
58%
80 km Gambia
58%
600 km Maldives
58%
800 km Mauritania
58%
200 km Mauritius
58%
80 km Saint Vincent and the Grenadines
58%
1,000 km Sri Lanka
58%
2,000 km Taiwan
58%
3,000 km Ukraine
58%
3,000 km Vanuatu
58%
100 km Dominica
53%
300 km Georgia
53%
1,000 km Kiribati
53%
6,000 km Micronesia
53%
4,000 km Bahamas
47%
800 km Honduras
47%
No matching quizzes found
Score Distribution
Percent of People with Each Score
Percentile by Number Answered
Your Score History
You have not taken this quiz